Career Guidance (Record no. 7709)

MARC details
000 -LEADER
fixed length control field 00566nam a22002057i 4500
003 - CONTROL NUMBER IDENTIFIER
control field URS
020 ## - INTERNATIONAL STANDARD BOOK NUMBER
International Standard Book Number 9789710445974
050 ## - LIBRARY OF CONGRESS CALL NUMBER
Classification number HF5381
Item number As2c 2012
100 1# - MAIN ENTRY--PERSONAL NAME
Personal name Aseron, Ana Lourdes Cortez
245 ## - TITLE STATEMENT
Title Career Guidance
264 #1 - PRODUCTION, PUBLICATION, DISTRIBUTION, MANUFACTURE, AND COPYRIGHT NOTICE
Place of production, publication, distribution, manufacture Manila
Name of producer, publisher, distributor, manufacturer Mindshapers Company,Inc.
Date of production, publication, distribution, manufacture, or copyright notice 2012.
300 ## - PHYSICAL DESCRIPTION
Extent ix, 95 pages
Other physical details illustrations
Dimensions 20cm
336 ## - CONTENT TYPE
Content type term text
Content type code txt
Source rdacontent
337 ## - MEDIA TYPE
Media type term unmediated
Media type code n
Source rdamedia
338 ## - CARRIER TYPE
Carrier type term volume
Carrier type code nc
Source rdacarrier
500 ## - GENERAL NOTE
General note Includes bibliography.
650 #0 - SUBJECT ADDED ENTRY--TOPICAL TERM
Topical term or geographic name entry element Vocational guidance.
700 1# - ADDED ENTRY--PERSONAL NAME
Personal name Ronquillo, Ma. Teresa E.
942 ## - ADDED ENTRY ELEMENTS (KOHA)
Koha item type Filipiniana
Holdings
Withdrawn status Source of classification or shelving scheme Damaged status Not for loan Collection code Home library Current library Shelving location Date acquired Source of acquisition Total Checkouts Full call number Barcode Date last seen Copy number Price effective from Koha item type
  Library of Congress Classification     Non-fiction Pililla College Library Pililla College Library General Stacks 02/18/2016 purchased   331.702 As2c 2012 URSPIL-4771 05/31/2019 1 02/18/2016 Filipiniana
  Library of Congress Classification     Non-fiction Pililla College Library Pililla College Library General Stacks 02/18/2016 purchased   331.702 As2c 2012 URSPIL-4772 05/31/2019 2 02/18/2016 Filipiniana
  Library of Congress Classification     Non-fiction Pililla College Library Pililla College Library General Stacks 02/18/2016 purchased   331.702 As2c 2012 URSPIL-4773 05/31/2019 3 02/18/2016 Filipiniana
  Library of Congress Classification     Non-fiction Pililla College Library Pililla College Library General Stacks 02/18/2016 purchased   331.702 As2c 2012 URSPIL-4774 05/31/2019 4 02/18/2016 Filipiniana
  Library of Congress Classification     Non-fiction Pililla College Library Pililla College Library General Stacks 02/18/2016 purchased   331.702 As2c 2012 URSPIL-4775 05/31/2019 5 02/18/2016 Filipiniana

University of Rizal System
Email us at univlibservices@urs.edu.ph

Visit our Website www.urs.edu.ph/library